000 00342nam a2200145 i 4500
001 bg
100 1 _aPETERS, Paulhans
245 0 _aMałe zespoły mieszkaniowe /
_cP. Peters, R. Rosner.
260 _aWarszawa,
_c1983.
700 1 _aROSNER, R.
040 _cBPK
041 _apol
942 _cKS
008 s pl f |000 0 pol
999 _c1901
_d1901
856 _uhttp://koha.tu.koszalin.pl/cgi-bin/koha/opac-detail.pl?biblionumber=1901
_yKatalog online BPK